000 01909nam0a2200385 4500
001 RU\NLR\bibl\319782
005 20260407073617.0
010 _a5-86170-012-5
_9200
021 _aRU
_b2002-31089
_91540
035 _a(NLR Aleph) 000314843
090 _a60353
_c60353
100 _a20021008d2002 |||y0rusy50 ca
101 0 _arus
102 _aRU
105 _aa |||||||||
200 1 _aБелая книга автомобильных дорог Оренбургской области
_eСтратегия развития автодорог Оренбург. обл. с учетом приоритета интересов территории до 2030 г.
_f[К.г.н. Бугроменко В.Н., Блажнов Р.В.]
_gНауч. фирма "Геогр. коммуникации"
_g[Администрация Оренбург. обл., Гл. упр. дорож. хоз-ва]
210 _aМ.
_cГеограком
_cЭпифания
_d2002
215 _a122 с., [3] л. ил.
_cил.
_d21
300 _aАвт. указаны на обороте тит. л.
606 0 _aАвтомобильные хозяйства
_yОренбургская обл.
_92264198
_3RU\NLR\auth\661357384
610 0 _aАвтомобильные дороги
610 0 _aОренбургская обл., автомобил. дороги
675 _a625.7/.8(470.56)
_v3
_zrus
686 _a73.31
_2rugasnti
686 _a39.311
_2rubbk
686 _aУ37(2)32(2Р-4Ор)
700 1 _aБугроменко
_bВ. Н.
_gВладимир Николаевич
_4070
701 1 _aБлажнов
_bР. В.
_4070
712 0 2 _4570
_a"Геограком", науч. и консалтинговая фирма
_cМосква
_3RU\NLR\AUTH\8810037490
_9573696
801 0 _aRU
_bRKP
_c20021008
_gPSBO
801 1 _aRU
_bRKP
_c20021008
801 2 _aRU
_bNLR
_c20021114
_grcr
942 _cBOOK
980 _aNB